Présidents des Etats-Unis - Images - Statistiques

Statistiques générales
  • Ce quiz a été pris 217 fois
  • Le résultat moyen est 25 sur 46
Statistiques - réponses
Par images Réponse % Correct
Donald Trump
98%
Barack Obama
97%
John F. Kennedy
95%
Joe Biden
94%
Georges Washington
91%
George H. W. Bush
90%
George W. Bush
90%
Abraham Lincoln
87%
Bill Clinton
84%
Ronald Reagan
83%
Richard Nixon
81%
Franklin D. Roosevelt
79%
Theodore Roosevelt
79%
Jimmy Carter
70%
Dwight D. Eisenhower
68%
Harry S. Truman
68%
Thomas Jefferson
62%
Lyndon B. Johnson
61%
Andrew Johnson
60%
Gerald Ford
56%
John Adams
53%
John Quincy Adams
53%
James Monroe
46%
Woodrow Wilson
46%
Ulysses S. Grant
45%
Herbert Hoover
43%
Andrew Jackson
39%
James Madison
39%
Grover Cleveland
34%
Grover Cleveland
34%
Martin Von Buren
34%
William Howard Taft
34%
Andrew Garfield
33%
Benjamin Harrison
33%
William Henry Harrison
33%
Zachary Taylor
33%
Calvin Coolidge
32%
John Tyler
31%
William McKinley
31%
Chester Arthur
30%
James Buchanan
29%
Millard Fillmore
28%
William G. Harding
28%
James K. Polk
27%
Rutherford B. Hayes
27%
Franklin Pierce
25%
Aucun quiz correspondant
Distribution des résultats
% des personnes avec chaque résultat
Percentile par nombre de réponses
Votre historique - résultats
Vous n’avez pas pris ce quiz